Rap Songs With a Billion Streams - Sudden Death - Statistics

General Stats
  • This quiz has been taken 4,757 times
    3,756 since last reset
  • The average score is 5 of 21
Answers on the Grid
Answers color-coded by a green-red scale on the quiz's grid according to % correct below.
Best I Ever Had
Big Poppa
Bodak Yellow
California Love
Candy Shop
CARNIVAL
Drop It Like It's Hot
God's Plan
Godzilla
goosebumps
HUMBLE.
Hypnotize
Ice Ice Baby
Lollipop
LOYALTY.
Lucid Dreams
Mo Money Mo Problems
Nice for What
No Role Modelz
Not Like Us
Passionfruit
Rap God
redrum
SAD!
SICKO MODE
Stronger
Sunflower
Super Bass
Swimming Pools (Drank)
WAP
White Iverson
Without Me
 
Answer Stats
Answer % Correct
God's Plan
49%
HUMBLE.
45%
SICKO MODE
43%
goosebumps
36%
Lucid Dreams
35%
Big Poppa
34%
Candy Shop
31%
Not Like Us
30%
Rap God
28%
Godzilla
26%
SAD!
26%
Sunflower
24%
Without Me
23%
Passionfruit
22%
WAP
20%
No Role Modelz
19%
Stronger
17%
Nice for What
11%
Super Bass
9%
White Iverson
9%
Hypnotize
8%
No matching quizzes found
Score Distribution
Percent of People with Each Score
Percentile by Number Answered
Your Score History
You have not taken this quiz since the last reset